| 000 | 00852nam a2200229 a 4500 | ||
|---|---|---|---|
| 001 | 13376 | ||
| 003 | BD-JhCC | ||
| 005 | 20230910194650.0 | ||
| 008 | 231105s20122022bg |||| ||a| 000 0cben d | ||
| 020 | _a9789849029410 | ||
| 035 | _a(BD-JhCC) 13376 | ||
| 040 |
_aBD-JhCC _dBD-JhCC |
||
| 041 | _aben | ||
| 082 |
_a920 _bMIC 2022 |
||
| 245 |
_aমাইকেল এইচ. হার্টের শত মনীষী অবলম্বনে সর্বকালের সর্বশ্রেষ্ঠ ২৫ ব্যক্তিত্ব / _cসম্পদনায় সুমন ইসলাম |
||
| 260 |
_aঢাকা : _bমহাকাল, _c২০২২. |
||
| 300 |
_a৮৭ পৃ. : _c২২ সেমি. |
||
| 650 | _aCollection of Biography | ||
| 700 | _aইসলাম, সুমন | ||
| 942 |
_2ddc _cBK |
||
| 999 |
_c13376 _d13376 |
||